Planète médias : Géopolitique des réseaux et de l'influence (notice n° 1566208)
[ vue normale ]
| 000 -LEADER | |
|---|---|
| fixed length control field | 01568cam a2200133 4500500 |
| 005 - DATE AND TIME OF LATEST TRANSACTION | |
| control field | 20251214001510.0 |
| 041 ## - LANGUAGE CODE | |
| Language code of text/sound track or separate title | fre |
| 042 ## - AUTHENTICATION CODE | |
| Authentication code | dc |
| 100 10 - MAIN ENTRY--PERSONAL NAME | |
| Personal name | Boulanger, Philippe |
| Relator term | author |
| 245 00 - TITLE STATEMENT | |
| Title | Planète médias : Géopolitique des réseaux et de l'influence |
| 260 ## - PUBLICATION, DISTRIBUTION, ETC. | |
| Name of publisher, distributor, etc. | Armand Colin,<br/> |
| Date of publication, distribution, etc. | 2021.<br/> |
| 520 ## - SUMMARY, ETC. | |
| Summary, etc. | Outils d’intelligence collective et collaborative, mais aussi de contrôle, d’influence et de domination, les médias jouent un rôle aujourd’hui incontournable sur la scène géopolitique mondiale. Domination des grands groupes industriels du Global media, traitement médiatique permanent des crises et des conflits, fake news et influence des réseaux sociaux dans la sphère politique… le soft power médiatique constitue une grille de lecture décisive pour comprendre les mutations et les évolutions contemporaines.Comment mesurer l’impact de la globalisation des médias sur la recomposition des interdépendances entre sociétés ? Quels sont les rapports entre mondialisation, rivalités de pouvoir et médias, révélant à la fois la prédominance américaine et les utilisations mises en œuvre par les pays émergents ? Quel rôle les médias jouent-ils dans les relations internationales et les conflits, depuis leur exploitation dans le champ d’action militaire aux nouvelles rivalités du cyberespace ? Telles sont l’ensemble des questions abordées par cet ouvrage. |
| 856 41 - ELECTRONIC LOCATION AND ACCESS | |
| Uniform Resource Identifier | <a href="https://shs.cairn.info/planete-medias-geopolitique-des-reseaux-et-de-l-in--9782200631383?lang=fr&redirect-ssocas=7080">https://shs.cairn.info/planete-medias-geopolitique-des-reseaux-et-de-l-in--9782200631383?lang=fr&redirect-ssocas=7080</a> |
Pas d'exemplaire disponible.




Réseaux sociaux